| 000 | 00459nam a2200181Ia 4500 | ||
|---|---|---|---|
| 001 | 25441 | ||
| 005 | 20260414151150.0 | ||
| 008 | 260414t2014||||xx |||||||||||||| ||spa|| | ||
| 041 | _aESP | ||
| 082 |
_a346.5 _bT19 |
||
| 100 |
_aTantalián Odar, Reynaldo Mario _eAUT |
||
| 245 | 0 |
_aNulidad del acto jurídico : _bproblemas casatorios |
|
| 260 | _c2014 | ||
| 300 |
_a455 páginas : _c23 cm. |
||
| 650 | _aDER | ||
| 654 | _aCDE | ||
| 942 |
_cLIB _dJUS _fJUS _2ddc _n |
||
| 999 |
_c25441 _d25441 |
||